Hélène Bouchilloux, Qu’est-ce que le mal ?, Paris, Vrin, 2005, coll. « Chemins philosophiques », 126 p., 7 E. (notice n° 1657335)

détails MARC
000 -LEADER
fixed length control field 02059cam a2200169 4500500
005 - DATE AND TIME OF LATEST TRANSACTION
control field 20260208010612.0
041 ## - LANGUAGE CODE
Language code of text/sound track or separate title fre
042 ## - AUTHENTICATION CODE
Authentication code dc
100 10 - MAIN ENTRY--PERSONAL NAME
Personal name Verdeau, Patricia
Relator term author
245 00 - TITLE STATEMENT
Title Hélène Bouchilloux, Qu’est-ce que le mal ?, Paris, Vrin, 2005, coll. « Chemins philosophiques », 126 p., 7 E.
260 ## - PUBLICATION, DISTRIBUTION, ETC.
Date of publication, distribution, etc. 2006.<br/>
500 ## - GENERAL NOTE
General note 87
520 ## - SUMMARY, ETC.
Summary, etc. Pierre Kaufmann et la refondation de l’esthétique : d’un privilège de l’architecture L’expérience émotionnelle de l’espace de Pierre Kaufmann peut se lire comme une tentative de refondation de l’esthétique à partir d’une anthropologie centrée sur la scission subjective. Une esthétique dans laquelle ni le beau, ni le plaisir, ni la contemplation ne jouent un rôle central, mais qui tente de comprendre les conditions d’émergence de l’œuvre, ainsi que les modalités d’insertion du sujet dans son espace. L’architecture y joue un rôle primordial comme mode de défense contre la peur (émotion qui me déboute de toute localisation) grâce à la singularisation d’espaces habitables.
520 ## - SUMMARY, ETC.
Summary, etc. Pierre Kaufmann’s refoundation of aesthetics : about some privilege or architecture Pierre Kaufmann’s Emotional Experience of Space may be read as an attempt at refounding aesthetics from the point of view of an anthropology centered on the subject’s splitting : i.e. an aesthetics in which neither the beautiful, nor pleasure, nor contemplation play a central part but attempting to understand the conditions through which the work of art may surge and the modalities through which the subject becomes part and parcel of its own space. Therein architecture plays a primal part as defence mechanism against fear (i.e. an emotion which casts me away form any localization) through the singularity of liveable spaces.
786 0# - DATA SOURCE ENTRY
Note Revue philosophique de la France et de l'étranger | 131 | 2 | 2006-06-01 | p. 217zv-266zv | 0035-3833
856 41 - ELECTRONIC LOCATION AND ACCESS
Uniform Resource Identifier <a href="https://shs.cairn.info/revue-philosophique-2006-2-page-217zv?lang=fr&redirect-ssocas=7080">https://shs.cairn.info/revue-philosophique-2006-2-page-217zv?lang=fr&redirect-ssocas=7080</a>

Pas d'exemplaire disponible.

PLUDOC

PLUDOC est la plateforme unique et centralisée de gestion des bibliothèques physiques et numériques de Guinée administré par le CEDUST. Elle est la plus grande base de données de ressources documentaires pour les Étudiants, Enseignants chercheurs et Chercheurs de Guinée.

Adresse

627 919 101/664 919 101

25 boulevard du commerce
Kaloum, Conakry, Guinée

Réseaux sociaux

Powered by Netsen Group @ 2025